<?xml version="1.0" encoding="UTF-8"?>
<record
    xmlns:xsi="http://www.w3.org/2001/XMLSchema-instance"
    xsi:schemaLocation="http://www.loc.gov/MARC21/slim http://www.loc.gov/standards/marcxml/schema/MARC21slim.xsd"
    xmlns="http://www.loc.gov/MARC21/slim">

  <leader>02299cam a2200337 i 4500</leader>
  <controlfield tag="001">11470801</controlfield>
  <controlfield tag="005">20250923115234.0</controlfield>
  <controlfield tag="008">200114t20202020nyuab    b    000 0 eng  </controlfield>
  <datafield tag="010" ind1=" " ind2=" ">
    <subfield code="a">  2019047560</subfield>
  </datafield>
  <datafield tag="020" ind1=" " ind2=" ">
    <subfield code="a">9781838770822</subfield>
  </datafield>
  <datafield tag="035" ind1=" " ind2=" ">
    <subfield code="a">(OCoLC)on1120954658</subfield>
  </datafield>
  <datafield tag="035" ind1=" " ind2=" ">
    <subfield code="a">(CaBVaU)11470801</subfield>
  </datafield>
  <datafield tag="040" ind1=" " ind2=" ">
    <subfield code="a">DLC</subfield>
    <subfield code="b">eng</subfield>
    <subfield code="c">DLC</subfield>
    <subfield code="e">rda</subfield>
    <subfield code="d">OCLCO</subfield>
    <subfield code="d">OCLCF</subfield>
    <subfield code="d">OCO</subfield>
    <subfield code="d">UAP</subfield>
    <subfield code="d">IH9</subfield>
    <subfield code="d">ILC</subfield>
    <subfield code="d">GZN</subfield>
    <subfield code="d">YDX</subfield>
    <subfield code="d">VP@</subfield>
    <subfield code="d">Z#6</subfield>
    <subfield code="d">OCL</subfield>
    <subfield code="d">VFL</subfield>
    <subfield code="d">UND</subfield>
    <subfield code="d">NhCcYME</subfield>
    <subfield code="d">UtOrBLW</subfield>
  </datafield>
  <datafield tag="041" ind1=" " ind2=" ">
    <subfield code="h">English</subfield>
  </datafield>
  <datafield tag="050" ind1="0" ind2="0">
    <subfield code="a">QC903</subfield>
    <subfield code="b">.F54 2020</subfield>
  </datafield>
  <datafield tag="100" ind1=" " ind2=" ">
    <subfield code="a">Figueres, Christiana</subfield>
    <subfield code="e">author</subfield>
    <subfield code="9">25747</subfield>
  </datafield>
  <datafield tag="245" ind1="1" ind2="4">
    <subfield code="a">The future we choose </subfield>
    <subfield code="b">: surviving the climate crisis </subfield>
    <subfield code="c">/ Christiana Figueres and Tom Rivett-Carnac.</subfield>
  </datafield>
  <datafield tag="250" ind1=" " ind2=" ">
    <subfield code="a">First edition.</subfield>
  </datafield>
  <datafield tag="264" ind1=" " ind2="1">
    <subfield code="a">New York, NY :</subfield>
    <subfield code="b">Alfred A. Knopf,</subfield>
    <subfield code="c">2020.</subfield>
  </datafield>
  <datafield tag="300" ind1=" " ind2=" ">
    <subfield code="a">xxvi, 210 pages :</subfield>
    <subfield code="b">illustration, map ;</subfield>
    <subfield code="c">20 cm</subfield>
  </datafield>
  <datafield tag="490" ind1=" " ind2=" ">
    <subfield code="a">Business book summary</subfield>
  </datafield>
  <datafield tag="500" ind1=" " ind2=" ">
    <subfield code="a">"This is a Borzoi Book" --Title page verso.</subfield>
  </datafield>
  <datafield tag="504" ind1=" " ind2=" ">
    <subfield code="a">Includes bibliographical references (pages 205-210).</subfield>
  </datafield>
  <datafield tag="520" ind1=" " ind2=" ">
    <subfield code="a">In this cautionary but optimistic book, Figueres and Rivett-Carnac--the architects of the 2015 Paris Climate Change Agreement--tackle arguably the most urgent and consequential challenge humankind has ever faced: the world's changing climate and the fate of humanity. In The Future We Choose, the authors outline two possible scenarios for the planet. In one, they describe what life on Earth will be like by 2050 if we fail to meet the Paris targets for carbon dioxide emission reduction. In the other, they describe what it will take to create and live in a carbon-neutral, regenerative world. They argue for confronting the climate crisis head on, with determination and optimism. How we all of us address the climate crisis in the next thirty years will determine not only the world we will live in but also the world we will bequeath to our children and theirs. The Future We Choose presents our options and tells us, in no uncertain terms, what governments, corporations, and each of us can and must do to fend off disaster.</subfield>
  </datafield>
  <datafield tag="650" ind1=" " ind2="0">
    <subfield code="a">Climatic changes</subfield>
    <subfield code="x">Forecasting</subfield>
    <subfield code="9">25954</subfield>
  </datafield>
  <datafield tag="650" ind1=" " ind2="0">
    <subfield code="a">Climatic changes</subfield>
    <subfield code="x">Social aspects</subfield>
    <subfield code="9">25955</subfield>
  </datafield>
  <datafield tag="650" ind1=" " ind2="0">
    <subfield code="a">Environmental policy</subfield>
    <subfield code="x">Forecasting</subfield>
    <subfield code="9">25956</subfield>
  </datafield>
  <datafield tag="650" ind1=" " ind2="0">
    <subfield code="a">Global environmental change</subfield>
    <subfield code="x">Economic aspects</subfield>
    <subfield code="9">5205</subfield>
  </datafield>
  <datafield tag="700" ind1=" " ind2=" ">
    <subfield code="a">Rivett-Carnac, Tom</subfield>
    <subfield code="e">author</subfield>
    <subfield code="9">25748</subfield>
  </datafield>
  <datafield tag="942" ind1=" " ind2=" ">
    <subfield code="2">lcc</subfield>
  </datafield>
  <datafield tag="952" ind1=" " ind2=" ">
    <subfield code="0">0</subfield>
    <subfield code="1">0</subfield>
    <subfield code="2">lcc</subfield>
    <subfield code="4">0</subfield>
    <subfield code="7">0</subfield>
    <subfield code="a">TBS</subfield>
    <subfield code="b">TBS</subfield>
    <subfield code="d">2025-08-25</subfield>
    <subfield code="l">0</subfield>
    <subfield code="o">QC903 FIG</subfield>
    <subfield code="p">B07593</subfield>
    <subfield code="r">2025-08-25</subfield>
    <subfield code="t">1</subfield>
    <subfield code="w">2025-08-25</subfield>
    <subfield code="y">1</subfield>
  </datafield>
  <datafield tag="999" ind1=" " ind2=" ">
    <subfield code="c">4854</subfield>
    <subfield code="d">4854</subfield>
  </datafield>
</record>
